000 00551nmm a2200169Ia 4500
008 251105s9999||||xx |||||||||||||||||und||
020 _a091637954X
041 _aeng
100 _aBurton, David G. Preface by Lihani, John
245 4 _aThe Legend Of Bernardo Del Carpio: From Chronicle To Drama
264 _a[Washington, Estados Unidos] :
_bScripta Humanistica,
_c1990
300 _a150 páginas
490 _aSpanish Medieval Literature
650 _aSpanish literature
856 _uhttps://public.digitaliapublishing.com/a/224
942 _cCF
999 _c72935
_d72935